| 000 | 01337nam a22003491c 4500 | ||
|---|---|---|---|
| 001 | a987681085 | ||
| 008 | 161209s2009 gw |||| 000u ger d | ||
| 020 |
_a9783110231007 _a3-11-023100-x _9978-3-11-023100-7 |
||
| 041 | _ager | ||
| 245 | 0 | 0 |
_aRaumkonfigurationen in der Romantik : _bEisenacher Kolloquium der Internationalen Arnim-Gesellschaft / _cherausgegeben von Walter Pape |
| 246 | 1 | 0 | _aEisenacher Kolloquium der Internationalen Arnim-Gesellschaft |
| 264 |
_aTübingen : _bMax Niemeyer Verlag, _c2009 |
||
| 300 | _aXIII, 302 S. | ||
| 336 |
_aText _btxt _2rdacontent |
||
| 337 |
_aComputermedien _bc _2rdamedia |
||
| 338 |
_aOnline-Ressource _bcr _2rdacarrier |
||
| 500 | _aE-Book-ProQuest / Fernzugriff nach Registrierung möglich | ||
| 500 | _aIncludes bibliographical references and index | ||
| 648 | 0 | _a1790-1830 | |
| 650 | 0 | _aDeutsch | |
| 650 | 0 | _aLiteratur | |
| 650 | 0 | _aRaum <Motiv> | |
| 650 | 0 | _aRomantik | |
| 655 | 0 | _aFernzugriff | |
| 700 | 1 |
_aPape, Walter _eHerausgeberIn |
|
| 711 | 2 | _aEisenacher Glasgower Kolloquium der Internationalen Arnim-Gesellschaft (2008) | |
| 856 | 4 | _uhttp://ebookcentral.proquest.com/lib/maxweberstiftung-ebooks/detail.action?docID=555772 | |
| 942 | _cEB | ||
| 040 | _cRU-10907106 | ||
| 003 | RU-10907106 | ||
| 999 |
_c12526 _d12526 |
||
| 490 | 0 |
_aSchriften der Internationalen Arnim-Gesellschaft _vBd. 7. |
|